Normal view
MARC view
- الاتجار بالبشر-جريمة-اسبابها-مكافحتها-القانون الدولي-القانون الاردني
Entry Topical Term
001 - CONTROL NUMBER
- control field: 59315
003 - CONTROL NUMBER IDENTIFIER
- control field: JO-AjAnu
005 - DATE AND TIME OF LATEST TRANSACTION
- control field: 20230606083712.0
008 - FIXED-LENGTH DATA ELEMENTS
- fixed length control field: 230606|| aca||aabn | a|a d
040 ## - CATALOGING SOURCE
- Original cataloging agency: JO-AjAnu
- Transcribing agency: JO-AjAnu
150 ## - HEADING--TOPICAL TERM
- Topical term or geographic name entry element: الاتجار بالبشر-جريمة-اسبابها-مكافحتها-القانون الدولي-القانون الاردني
670 ## - SOURCE DATA FOUND
- Source citation: Work cat.: (JO-AjAnu)30253: اعداد بني حمود، هذال مفضي؛ اشراف عبد الحكيم عطروش, author 59314, جريمة الإتجار بالبشر، أساليب إرتكابها وآليات مكافحتها: دراسة مقارنة بين الاتفاقيات الدولية والتشريع الأردني = Humman Trafficking Crime, Methods of Commitment and Control Mechanisms: A Comparative Study between International Conyentions and Jordanian Legislation